Making your message memorable : (Record no. 7098)

MARC details
000 -LEADER
fixed length control field 00661nam a22002177a 4500
003 - CONTROL NUMBER IDENTIFIER
control field OSt
005 - DATE AND TIME OF LATEST TRANSACTION
control field 20251215090448.0
008 - FIXED-LENGTH DATA ELEMENTS--GENERAL INFORMATION
fixed length control field 251215b |||||||| |||| 00| 0 eng d
020 ## - INTERNATIONAL STANDARD BOOK NUMBER
International Standard Book Number 1-56052-688-2.
040 ## - CATALOGING SOURCE
Original cataloging agency DWCL-Main lib
Transcribing agency OC
082 ## - DEWEY DECIMAL CLASSIFICATION NUMBER
Classification number GR. 372.677 S559m 2005
100 ## - MAIN ENTRY--PERSONAL NAME
Personal name Shouse, Deborah
245 ## - TITLE STATEMENT
Title Making your message memorable :
Remainder of title commuicating through stories
Statement of responsibility, etc. Shouse, Deborah
260 ## - PUBLICATION, DISTRIBUTION, ETC.
Place of publication, distribution, etc. Menlo Park, Calif. :
Name of publisher, distributor, etc. Crisp Learning,
Date of publication, distribution, etc. c2005.
300 ## - PHYSICAL DESCRIPTION
Extent xii, 108 pages :
Other physical details illustration ;
Dimensions 25 cm.
650 ## - SUBJECT ADDED ENTRY--TOPICAL TERM
Source of heading or term 1. Language arts.
650 ## - SUBJECT ADDED ENTRY--TOPICAL TERM
Source of heading or term 2. Storytelling.
700 ## - ADDED ENTRY--PERSONAL NAME
Personal name Zoglin, Ron
700 ## - ADDED ENTRY--PERSONAL NAME
Personal name Fenner, Susan
942 ## - ADDED ENTRY ELEMENTS (KOHA)
Source of classification or shelving scheme Dewey Decimal Classification
Koha item type General Reference
Call number prefix GR.
Suppress in OPAC No
952 ## - LOCATION AND ITEM INFORMATION (KOHA)
--
Holdings
Withdrawn status Lost status Source of classification or shelving scheme Damaged status Not for loan Home library Current library Shelving location Date acquired Source of acquisition Cost, normal purchase price Total Checkouts Full call number Barcode Date last seen Copy number Price effective from Koha item type Uniform Resource Identifier
    Dewey Decimal Classification     College Library College Library General Reference 12/18/2007 School Fund 0.00   GR. 372.677 S559m 2005 45532 12/15/2025 c1 12/15/2025 GR